Catálogo de los códices bíblicos de la Catedral de Toledo / (Record no. 12236)

MARC details
000 -LEADER
campo de control de longitud fija 01234nam a2200337 i 4500
001 - NÚMERO DE CONTROL
campo de control 12236
003 - IDENTIFICADOR DE NÚMERO DE CONTROL
campo de control ES-MaACL
005 - FECHA Y HORA DE LA ÚLTIMA TRANSACCIÓN
campo de control 20250818232002.0
007 - CAMPO FIJO DE DESCRIPCIÓN FÍSICA--INFORMACIÓN GENERAL
campo de control de longitud fija t|
008 - DATOS DE LONGITUD FIJA--INFORMACIÓN GENERAL
campo de control de longitud fija 920420s1990 sp a b |||| | spa j
020 ## - NÚMERO INTERNACIONAL ESTÁNDAR DEL LIBRO
Número Internacional Estándar del Libro 84-87191-59-2
080 ## - NÚMERO DE LA CLASIFICACIÓN DECIMAL UNIVERSAL
Número de la Clasificación Decimal Universal 017.1(460.285 T.)
080 ## - NÚMERO DE LA CLASIFICACIÓN DECIMAL UNIVERSAL
Número de la Clasificación Decimal Universal 016:22:091
100 1# - ENTRADA PRINCIPAL--NOMBRE DE PERSONA
Nombre de persona Reinhardt, Klaus.
9 (RLIN) 96057
245 10 - MENCIÓN DEL TÍTULO
Título Catálogo de los códices bíblicos de la Catedral de Toledo /
Mención de responsabilidad, etc. Klaus Reinhardt, Ramón Gonzálvez.
260 ## - PUBLICACIÓN, DISTRIBUCIÓN, ETC.
Lugar de publicación, distribución, etc. Madrid :
Nombre del editor, distribuidor, etc. Centro de Estudios Ramón Areces,
Fecha de publicación, distribución, etc. 1990.
300 ## - DESCRIPCIÓN FÍSICA
Extensión 509 p :
Otras características físicas il. col ;
Dimensiones 29 cm.
490 1# - MENCIÓN DE SERIE
Mención de serie Monumenta Ecclesiae Toletanae historica ;
Designación de volumen o secuencia serie 1
490 1# - MENCIÓN DE SERIE
Mención de serie Regesta et inventaria historica ;
Designación de volumen o secuencia 2
500 ## - NOTA GENERAL
Nota general Índices.
504 ## - NOTA DE BIBLIOGRAFÍA, ETC.
Nota de bibliografía, etc. Bibliografía: p. [23]-29.
630 07 - PUNTO DE ACCESO ADICIONAL DE MATERIA--TÍTULO UNIFORME
Título uniforme Biblia-
Subdivisión de forma Manuscritos.
9 (RLIN) 119246
650 #4 - PUNTO DE ACCESO ADICIONAL DE MATERIA--TÉRMINO DE MATERIA
Término de materia o nombre geográfico como elemento de entrada Manuscritos-
Subdivisión geográfica Catedral Primada de Toledo. Biblioteca Capitular-
Subdivisión de forma Catálogos.
9 (RLIN) 151097
650 #4 - PUNTO DE ACCESO ADICIONAL DE MATERIA--TÉRMINO DE MATERIA
Término de materia o nombre geográfico como elemento de entrada Manuscritos miniados.
9 (RLIN) 151000
700 1# - ENTRADA AGREGADA--NOMBRE PERSONAL
Nombre de persona Gonzálvez, Ramón.
9 (RLIN) 59067
710 2# - ENTRADA AGREGADA--NOMBRE DE ENTIDAD CORPORATIVA
Nombre de entidad corporativa o nombre de jurisdicción como elemento de entrada Fundación Ramón Areces
9 (RLIN) 4401
830 0# - PUNTO DE ACCESO ADICIONAL DE SERIE-TÍTULO UNIFORME
Título uniforme Monumenta Ecclesiae Toletanae historica ;
Designación de volumen o secuencia serie 1
9 (RLIN) 228271
830 0# - PUNTO DE ACCESO ADICIONAL DE SERIE-TÍTULO UNIFORME
Título uniforme Regesta et inventaria historica ;
Designación de volumen o secuencia 2
9 (RLIN) 228272
852 ## - LOCALIZACIÓN
Ubicación ES-MaACL
Número de control de estantería L-19628
Holdings
Estatus retirado Estado de pérdida Estado de daño No para préstamo Biblioteca de origen Biblioteca actual Ubicación en estantería Fecha de adquisición Fuente de adquisición Total de préstamos Signatura topográfica completa Código de barras Visto por última vez Precio de reemplazo Tipo de ítem Koha
        Biblioteca del Ateneo de Madrid Biblioteca del Ateneo de Madrid Depósito 2 17/01/2008     L-19628 1012468 23/02/2023 23/02/2023 Libro impreso